Một góc nhìn của tri thức

Spremljeno u:
Bibliografski detalji
Format: Knjiga
Jezik:Undetermined
Izdano: Tp. Hồ Chí Minh Trẻ 2003
Teme:
Oznake: Dodaj oznaku
Bez oznaka, Budi prvi tko označuje ovaj zapis!
Thư viện lưu trữ: Trung tâm Học liệu Trường Đại học Cần Thơ
LEADER 00482nam a2200181Ia 4500
001 CTU_92289
008 210402s9999 xx 000 0 und d
020 |c 50000 
082 |a 001 
082 |b M458/T.2 
245 0 |a Một góc nhìn của tri thức 
245 0 |c Nhiều Tác giả 
260 |a Tp. Hồ Chí Minh 
260 |b Trẻ 
260 |c 2003 
650 |a Knowledge 
904 |i Trúc(Tuyen) 
980 |a Trung tâm Học liệu Trường Đại học Cần Thơ